000 00591cam a22002053a 4500
001 33975
003 PGUSA
005 20140828083732.0
008 100926s2010||||xxu|||||s|||||000 | eng d
040 _aPGUSA
_beng
042 _adc
100 1 _aPierce, Paul,
_d1866-
245 1 0 _aSuppers :
_bNovel Suggestions for Social Occasions
_h[electronic resource] /
_cPaul Pierce
260 _bProject Gutenberg,
_c2010
506 _aPublic domain in the USA.
516 _aElectronic text
830 0 _aProject Gutenberg
_v33975
856 4 0 _uhttp://www.gutenberg.org/ebooks/33975
942 _cEB
999 _c263230
_d263230